Library Banner

Mazahab alam aur aman= peace and faith = مزاہب عالم اور امن/ (Record no. 115018)

MARC details
000 -LEADER
fixed length control field 00506nam a22001577a 4500
005 - DATE AND TIME OF LATEST TRANSACTION
control field 20191210104426.0
008 - FIXED-LENGTH DATA ELEMENTS--GENERAL INFORMATION
fixed length control field 191210b ||||| |||| 00| 0 eng d
040 ## - CATALOGING SOURCE
Transcribing agency PK-LaUMT
082 ## - DEWEY DECIMAL CLASSIFICATION NUMBER
Classification number 291
Item number LIA-M
100 ## - MAIN ENTRY--PERSONAL NAME
Personal name Liaquat Ali Zia = لیاقت علی ضیا
245 ## - TITLE STATEMENT
Title Mazahab alam aur aman= peace and faith = مزاہب عالم اور امن/
Statement of responsibility, etc by Liaquat Ali Zia = لیاقت علی ضیا
260 ## - PUBLICATION, DISTRIBUTION, ETC. (IMPRINT)
Place of publication, distribution, etc Lahore :
Name of publisher, distributor, etc Readers Publications,
Date of publication, distribution, etc 2017
300 ## - PHYSICAL DESCRIPTION
Extent 256 p.
546 ## - LANGUAGE NOTE
Language note Urdu
942 ## - ADDED ENTRY ELEMENTS (KOHA)
Koha item type Books
Holdings
Withdrawn status Lost status Damaged status Home library Current library Date acquired Full call number Barcode Date last seen Price effective from Koha item type
      UMT Main Campus UMT Main Campus 2019-12-10 291 LIA-M 131252 2024-01-30 2019-12-10 Books